[Event "Berlin Lichtenrade op 06th"]
[Site "Berlin"]
[Date "2010.10.24"]
[Round "9"]
[White "Dorsch, Dieter"]
[Black "Powierski, Christian"]
[Result "1/2-1/2"]
[WhiteElo "2024"]
[BlackElo "1930"]
[PlyCount "27"]
[EventDate "2010.10.16"]
[EventType "swiss"]
[EventRounds "9"]
[EventCountry "GER"]
[SourceTitle "CBM 138 Extra"]
[Source "ChessBase"]
[SourceDate "2010.10.29"]
[SourceVersion "1"]
[SourceVersionDate "2010.10.29"]
[SourceQuality "1"]

1. e4 c6 2. d4 d5 3. exd5 cxd5 4. Bd3 Nc6 5. c3 Nf6 6. Nf3 Bg4 7. Bf4 e6 8. h3 Bh5 9. 0-0 Be7 10. Nbd2 0-0 11. Qc2 Bg6 12. Rae1 Rc8 13. Qb1 b5 14. Ne5 1/2-1/2

[Event "Berlin Lichtenrade op 06th"]
[Site "Berlin"]
[Date "2010.10.17"]
[Round "2"]
[White "Rabiega, Robert"]
[Black "Dorsch, Dieter"]
[Result "1-0"]
[WhiteElo "2515"]
[BlackElo "2024"]
[PlyCount "47"]
[EventDate "2010.10.16"]
[EventType "swiss"]
[EventRounds "9"]
[EventCountry "GER"]
[SourceTitle "CBM 138 Extra"]
[Source "ChessBase"]
[SourceDate "2010.10.29"]
[SourceVersion "1"]
[SourceVersionDate "2010.10.29"]
[SourceQuality "1"]

1. e4 c5 2. c3 d6 3. d4 Nf6 4. Bd3 e6 5. Nf3 Be7 6. 0-0 0-0 7. Qe2 Nc6 8. dxc5 dxc5 9. e5 Ne8 10. Bf4 Qc7 11. Nbd2 b6 12. Ne4 Bb7 13. Rad1 Rd8 14. Bg3 Qc8 15. h4 Nc7 16. Nfg5 h6 17. Nh7 Rfe8 18. Nhf6+ Bxf6 19. Nxf6+ gxf6 20. exf6 e5 21. Qh5 Rxd3 22. Rxd3 Ba6 23. Rd6 Re6 24. Qg4+ 1-0

[Event "Baunatal op 5th"]
[Site "Baunatal"]
[Date "1999.08.13"]
[Round "3"]
[White "Brethauer, Sarah"]
[Black "Dorsch, Dieter"]
[Result "0-1"]
[WhiteElo "1589"]
[BlackElo "1780"]
[PlyCount "72"]
[EventDate "1999.08.??"]
[EventType "swiss"]
[EventRounds "7"]
[EventCountry "GER"]
[SourceTitle "EXT 2000"]
[Source "ChessBase"]
[SourceDate "1999.11.16"]
[SourceVersion "1"]
[SourceVersionDate "1999.11.16"]
[SourceQuality "1"]

1. e4 c5 2. Nf3 Nc6 3. d4 cxd4 4. Nxd4 g6 5. Nc3 Bg7 6. Be3 d6 7. Qd2 Nf6 8. f3 0-0 9. Bc4 a6 10. Bb3 Na5 11. 0-0-0 Nxb3+ 12. Nxb3 b5 13. Bh6 Bb7 14. Bxg7 Kxg7 15. g4 Rc8 16. h4 h5 17. gxh5 Nxh5 18. Rdg1 Rh8 19. Qd4+ Nf6 20. Qe3 Qc7 21. a3 a5 22. Rg2 b4 23. Nb1 a4 24. Na1 b3 25. c3 d5 26. exd5 Bxd5 27. Nd2 e6 28. Qd4 Qc6 29. Rf2 Rcd8 30. Qe5 Rh5 31. Qg3 Rf5 32. Rhf1 Nh5 33. Qg4 Nf4 34. Rh2 Qb5 35. Rfh1 Ne2+ 36. Kd1 Bxf3 0-1